00328nam a2200133Ia 4500008004100000020001500041041001200056082001600068100001700084245004100101260003000142300000900172650001300181221030s9999 xx 000 0 und d a8186555439 aEnglish a105.23bMit aG. K. Mithal 0aElectrical Engineering & Electronics bG. K. PubaJabalpurc1997 a14.8 aECE & EE